000 01828nam a2200349 c 4500
003 BLK
005 20210426154451.0
008 180411b bul|||||r ||||||| ||bul||
010 _aKNG00183113000
040 _aBLK
041 _aBUL
_cBUL
080 _aДекоративни растения. Декоративно градинарство
_b635.9
_x
_z635.9
080 _aПодреждане и аранжиране на цветя - Изработване на букети, гирлянди, венци, аранжиране в вази и др. съдове, икебана и др. на сушени растения, семена
_b745.9
_x
_z745.9
100 1 _aЧерней, Евгения Н.
_eпърви автор
_9141487
700 1 _aШирева, Леонила
_eсъавт.
_9143500
700 1 _aГергова, Маринка
_eпрев. от рус.
_9336002
139 _aЧерней, Евгения Н.
_bЧ 70
245 1 0 _aДъга от цветя
_bНаучнопопул. четиво
_cЕвгения Н. Черней; съавт. Леонила Ширева; прев. от рус. Маринка Гергова.
257 _aSUN
260 София
_bЗемиздат
_c1986
300 _a128 с.
_bс ил.
_c22 см
380 _a63
500 _aОриг. загл. Радуга цветов / Е. Черней, Л. Ширева.- В библиогр. каре първата авт. погрешно означена Елена Черней
650 4 _aЦветя - подреждане и използване - наръчници и ръководства
_9304428
653 _aцветя
653 _aикебана
852 _aЦб 144038
856 4 _qpdf
_u
856 4 _qpdf
_u
942 _cKNG
_n0
_01
944 _aCR
_c02.10.2015
_kХристина_Везирева
944 _aED
_c07.12.2016
_kКети_Илиева
999 _c174620
_d174620